Southville International School and Colleges
Your cart is empty.
  • Cart
  • Lists
    Public lists Eva Luna New books Lux_list list_1
    Your lists Log in to create your own lists
  • Log in to your account
  • Your cookies
  • Search history
Southville International School and Colleges
  • Advanced search
  • Recent comments
  • Most popular
  • Libraries

Log in to your account

Log in with GOOGLE


If you do not have an external account, but do have a local account, you can still log in:

  1. Home
  2. MARC view: Responsible hospitality :
Normal view MARC view ISBD view

Responsible hospitality : (Record no. 118057)

[ view plain ]
MARC details
000 -LEADER
fixed length control field 00627nam a2200181Ia 4500
003 - CONTROL NUMBER IDENTIFIER
control field PILC
005 - DATE AND TIME OF LATEST TRANSACTION
control field 20160321110845.0
008 - FIXED-LENGTH DATA ELEMENTS--GENERAL INFORMATION
fixed length control field 140609s9999 xx 000 0 und d
020 ## - INTERNATIONAL STANDARD BOOK NUMBER
International Standard Book Number 9781906884192
050 ## - LIBRARY OF CONGRESS CALL NUMBER
Classification number G 155.A1
Item number .H314 2012
100 ## - MAIN ENTRY--PERSONAL NAME
Personal name Hawkins, Rebecca.
245 ## - TITLE STATEMENT
Title Responsible hospitality :
Remainder of title theory and practice / 
Statement of responsibility, etc Rebecca Hawkins and Paulina Bohdanowicz.
260 ## - PUBLICATION, DISTRIBUTION, ETC. (IMPRINT)
Place of publication, distribution, etc Woodeaton, Oxford :
Name of publisher, distributor, etc Goodfellow Publishers,
Date of publication, distribution, etc 2012.
300 ## - PHYSICAL DESCRIPTION
Extent 282 pages :
Other physical details illustrations ;
Dimensions 25 cm.
500 ## - GENERAL NOTE
General note Includes bibliographical references, appendices, glossary and index.
942 ## - ADDED ENTRY ELEMENTS (KOHA)
Call number prefix Foreign
Koha item type Books
Source of classification or shelving scheme Library of Congress Classification
Holdings
Withdrawn status Lost status Damaged status Home library Current library Shelving location Date acquired Cost, normal purchase price Total Checkouts Full call number Barcode Date last seen Price effective from Koha item type
      College Library College Library Reserve Section 06/09/2014 4207.00   G 155.A1 .H314 2012 C18345 05/15/2018 06/09/2014 Books

Responsible hospitality :

APA

Hawkins R., . (2012). Responsible hospitality. Woodeaton, Oxford: Goodfellow Publishers.

Chicago

Hawkins Rebecca, . 2012. Responsible hospitality. Woodeaton, Oxford: Goodfellow Publishers.

Harvard

Hawkins R., . (2012). Responsible hospitality. Woodeaton, Oxford: Goodfellow Publishers.

MLA

Hawkins Rebecca, . Responsible hospitality. Woodeaton, Oxford: Goodfellow Publishers. 2012.

  • Place hold
  • Print
  • Cite
  • Add to your cart (remove)
  • Save record
    BIBTEX Dublin Core MARCXML MARC (non-Unicode/MARC-8) MARC (Unicode/UTF-8) MARC (Unicode/UTF-8, Standard) MODS (XML) RIS
  • More searches
    Search for this title in:
    Other Libraries (WorldCat) Other Databases (Google Scholar) Online Stores (Bookfinder.com) Open Library (openlibrary.org)

Exporting to Dublin Core...

SOUTHVILLE LIBRARY

Southville International School and Colleges Library

1281 Tropical Ave. Cor. Luxembourg St., BF Homes International, Las Pinas City

Tel. No. 8256374 / 252358 Loc. 117/146

Powered by Koha